[Event "Witney op-B 10th"]
[Site "Witney"]
[Date "2023.11.05"]
[Round "4"]
[White "Tomboline, David"]
[Black "Murrell, Mark RA"]
[Result "0-1"]
[WhiteElo "1933"]
[BlackElo "1811"]
[PlyCount "50"]
[EventDate "2023.11.04"]
[EventType "swiss"]
[EventRounds "5"]
[EventCountry "ENG"]
[SourceTitle "CB46_2023"]
[SourceDate "2023.11.15"]
[SourceVersion "1"]
[SourceVersionDate "2023.11.15"]
[SourceQuality "1"]

1. d4 f5 2. Bf4 Nf6 3. e3 d5 4. c4 e6 5. Nf3 c6 6. Be2 Bd6 7. Bxd6 Qxd6 8. 0-0 Nbd7 9. Nc3 0-0 10. Qc2 Ne4 11. Nd2 Ndf6 12. f4 Nxd2 13. Qxd2 b6 14. a3 a5 15. Na4 Ne4 16. Qc2 Rb8 17. Nxb6 c5 18. Na4 Ba6 19. Rad1 Rfc8 20. b3 cxd4 21. c5 Nxc5 22. Bxa6 Nxa6 23. Qd3 dxe3 24. Qxe3 Nc5 25. Nxc5 Qxc5 0-1

[Event "Witney op-B 10th"]
[Site "Witney"]
[Date "2023.11.04"]
[Round "3"]
[White "Murrell, Mark RA"]
[Black "Dooley, Max"]
[Result "1-0"]
[WhiteElo "1811"]
[BlackElo "1903"]
[PlyCount "115"]
[EventDate "2023.11.04"]
[EventType "swiss"]
[EventRounds "5"]
[EventCountry "ENG"]
[SourceTitle "CB46_2023"]
[SourceDate "2023.11.15"]
[SourceVersion "1"]
[SourceVersionDate "2023.11.15"]
[SourceQuality "1"]

1. d4 Nf6 2. Bg5 g6 3. Bxf6 exf6 4. c4 Bg7 5. Nf3 0-0 6. e3 d5 7. Nc3 dxc4 8. Bxc4 c6 9. 0-0 Nd7 10. a4 a5 11. Rc1 Nb6 12. b3 Qe7 13. Qe2 f5 14. Rfd1 Be6 15. d5 cxd5 16. Nxd5 Nxd5 17. Bxd5 Bxd5 18. Rxd5 Rfc8 19. Rcd1 Rd8 20. Qb5 Rxd5 21. Rxd5 Bc3 22. Qd3 Bb4 23. Ne5 Rc8 24. Nc4 b6 25. g3 Bc5 26. Rd7 Qf6 27. Qd5 Re8 28. Nd6 Bxd6 29. Rxd6 Re6 30. Rd8+ Kg7 31. Qa8 Qa1+ 32. Kg2 Qa3 33. Qd5 Qb4 34. Qd4+ Qxd4 35. exd4 Kf6 36. d5 Re7 37. Rd6+ Ke5 38. Rxb6 Rd7 39. f4+ Kd4 40. d6 h5 41. h3 f6 42. Kf3 Kd3 43. g4 h4 44. gxf5 gxf5 45. Rb5 Rxd6 46. Rxf5 Kc3 47. Rb5 f5 48. Rxf5 Kxb3 49. Rxa5 Kb4 50. Ra8 Rg6 51. f5 Rg3+ 52. Kf2 Rg5 53. Rf8 Kxa4 54. f6 Rf5+ 55. Ke3 Kb5 56. f7 Kc6 57. Rc8+ Kd7 58. f8Q 1-0

[Event "GBR-ch U1900 op 105th"]
[Site "Hull"]
[Date "2018.07.30"]
[Round "1"]
[White "Murrell, Mark RA"]
[Black "Crouch, Timothy J"]
[Result "1-0"]
[WhiteElo "1754"]
[BlackElo "1535"]
[PlyCount "119"]
[EventDate "2018.07.30"]
[EventType "swiss"]
[EventRounds "5"]
[EventCountry "ENG"]
[SourceTitle "EXT 2021"]
[Source "ChessBase"]
[SourceDate "2020.10.23"]
[SourceVersion "1"]
[SourceVersionDate "2020.10.23"]
[SourceQuality "1"]

1. d4 d5 2. e3 Nf6 3. Bd3 Bg4 4. Nf3 c6 5. Nbd2 Nbd7 6. c3 e5 7. dxe5 Nxe5 8. Be2 Bd6 9. Nxe5 Bxe2 10. Nxf7 Bxd1 11. Nxd8 Rxd8 12. Kxd1 Ng4 13. Ke2 Bc5 14. Nf3 0-0 15. h3 Nh6 16. g4 Rd6 17. Nd4 Bxd4 18. cxd4 Re6 19. Rh2 g5 20. b4 a6 21. Bd2 Nf7 22. h4 Rh6 23. Rah1 gxh4 24. Rxh4 Rxh4 25. Rxh4 Ng5 26. f4 Ne4 27. Rh6 Ng3+ 28. Kf3 Ne4 29. Be1 Rf6 30. Rh5 Rf7 31. Re5 Kf8 32. g5 Re7 33. Kg4 Rf7 34. Kh5 Nd6 35. Kg4 Nc4 36. f5 Nb2 37. e4 dxe4 38. Rxe4 Nd3 39. Re3 Nb2 40. Bg3 Nc4 41. Re4 Nd2 42. Re6 Rd7 43. Bd6+ Kf7 44. Rh6 Kg7 45. Re6 Kf7 46. Rf6+ Kg7 47. Be5 Kg8 48. g6 hxg6 49. Rxg6+ Kf7 50. Kf4 Kf8 51. Rh6 Nc4 52. Rh8+ Kf7 53. Rh7+ Ke8 54. Rxd7 Kxd7 55. Kg5 Ke7 56. Kg6 Kf8 57. f6 b6 58. Bc7 a5 59. bxa5 bxa5 60. Bf4 1-0

[Event "GBR-ch U1900 op 104th"]
[Site "Llandudno"]
[Date "2017.08.01"]
[Round "2"]
[White "Gunn, Michael J"]
[Black "Murrell, Mark RA"]
[Result "1/2-1/2"]
[WhiteElo "1563"]
[BlackElo "1791"]
[PlyCount "52"]
[EventDate "2017.07.31"]
[EventType "swiss"]
[EventRounds "5"]
[EventCountry "WLS"]
[SourceTitle "EXT 2019"]
[Source "ChessBase"]
[SourceDate "2018.10.10"]
[SourceVersion "1"]
[SourceVersionDate "2018.10.10"]
[SourceQuality "1"]

1. e4 c5 2. c3 d5 3. exd5 Qxd5 4. d4 e5 5. dxe5 Qxe5+ 6. Be3 Be7 7. Nf3 Qc7 8. Bc4 Nf6 9. 0-0 0-0 10. Qc2 Nc6 11. Nbd2 Bg4 12. h3 Bh5 13. Rae1 Bg6 14. Qc1 Rfe8 15. Nh4 Bd6 16. Nxg6 hxg6 17. Nf3 Ne5 18. Nxe5 Rxe5 19. Qc2 Rae8 20. Rd1 g5 21. Qd3 Bf8 22. h4 Ng4 23. Qd7 Qxd7 24. Rxd7 R8e7 25. Rxe7 Bxe7 26. hxg5 Bxg5 1/2-1/2

[Event "BCF-ch Week2 AM op"]
[Site "Aberystwyth"]
[Date "2014.07.29"]
[Round "2"]
[White "Murrell, Mark RA"]
[Black "Graham, William M"]
[Result "0-1"]
[WhiteElo "1930"]
[BlackElo "1825"]
[PlyCount "92"]
[EventDate "2014.07.28"]
[EventType "swiss"]
[EventRounds "5"]
[EventCountry "WLS"]
[SourceTitle "EXT 2017"]
[Source "ChessBase"]
[SourceDate "2016.10.25"]
[SourceVersion "1"]
[SourceVersionDate "2016.10.25"]
[SourceQuality "1"]

1. d4 Nf6 2. Bg5 d6 3. c4 g6 4. Nc3 Bg7 5. e4 0-0 6. Be2 Nbd7 7. Nf3 c6 8. Qd2 e5 9. 0-0 Re8 10. Rad1 Qe7 11. Bxf6 Nxf6 12. d5 c5 13. h3 Nh5 14. Nh2 Nf4 15. Qe3 h5 16. g4 Qh4 17. gxh5 Bxh3 18. hxg6 fxg6 19. Rfe1 Ng2 20. Nf3 Nxe3 21. Nxh4 Nxd1 22. Bxd1 Kf7 23. Re3 Bd7 24. Rg3 Rg8 25. Nxg6 Bh6 26. Bh5 Kf6 27. Nb5 Bxb5 28. cxb5 Bf4 29. Rg4 Rg7 30. f3 Bg5 31. Kf2 Rxg6 32. Bxg6 Kxg6 33. b3 Rh8 34. Kg1 Kf6 35. a4 Bf4 36. Rg2 Kf7 37. Rc2 Rh3 38. b4 b6 39. bxc5 dxc5 40. Rc3 Ke7 41. Ra3 Bd2 42. Kg2 Rh7 43. Rd3 Bf4 44. Ra3 Kd6 45. a5 Kc7 46. a6 Rh2+ 0-1

[Event "BCF-ch 5-day op AM Week 2"]
[Site "Torquay"]
[Date "2013.08.07"]
[Round "3"]
[White "Murrell, Mark RA"]
[Black "Woodcock, Keith D"]
[Result "1/2-1/2"]
[WhiteElo "1930"]
[BlackElo "1656"]
[PlyCount "56"]
[EventDate "2013.08.05"]
[EventType "swiss"]
[EventRounds "5"]
[EventCountry "ENG"]
[SourceTitle "EXT 2023"]
[Source "ChessBase"]
[SourceDate "2022.10.05"]
[SourceVersion "1"]
[SourceVersionDate "2022.10.05"]
[SourceQuality "1"]

1. d4 d5 2. e3 Nf6 3. Bd3 g6 4. f4 Nc6 5. c3 Bf5 6. Nf3 e6 7. Bb5 Nd7 8. Bxc6 bxc6 9. Qa4 Bd3 10. Qxc6 Rb8 11. Qa4 Bd6 12. Qd1 Ba6 13. Ne5 Qh4+ 14. g3 Qh3 15. Kf2 f6 16. Nxd7 Kxd7 17. Qf3 h5 18. Nd2 c6 19. b3 e5 20. Qg2 Qg4 21. Re1 e4 22. h3 Qe6 23. Bb2 g5 24. fxg5 fxg5 25. c4 Rhf8+ 26. Kg1 g4 27. hxg4 Qxg4 28. Rf1 Bxg3 1/2-1/2

[Event "BCF-ch 5-day op AM Week 2"]
[Site "Torquay"]
[Date "2013.08.06"]
[Round "2"]
[White "Kreuzer, Christopher RL"]
[Black "Murrell, Mark RA"]
[Result "1/2-1/2"]
[WhiteElo "1934"]
[BlackElo "1930"]
[PlyCount "51"]
[EventDate "2013.08.05"]
[EventType "swiss"]
[EventRounds "5"]
[EventCountry "ENG"]
[SourceTitle "EXT 2023"]
[Source "ChessBase"]
[SourceDate "2022.10.05"]
[SourceVersion "1"]
[SourceVersionDate "2022.10.05"]
[SourceQuality "1"]

1. e4 c5 2. Nf3 e6 3. d4 cxd4 4. Nxd4 Nf6 5. Nc3 Bb4 6. Bd3 e5 7. Nde2 d6 8. 0-0 Be6 9. a3 Bxc3 10. Nxc3 0-0 11. Bg5 h6 12. Bh4 g5 13. Bg3 Nc6 14. h4 Ng4 15. Be2 gxh4 16. Bxg4 hxg3 17. Bxe6 fxe6 18. Qg4+ Qg5 19. Qxe6+ Kg7 20. fxg3 Nd4 21. Qd7+ Kg8 22. Qxb7 Qxg3 23. Rad1 Rxf1+ 24. Rxf1 Rf8 25. Qd5+ Kg7 26. Qb7+ 1/2-1/2